书目信息 |
| 题名: |
牛蛙养殖实用技术
|
|
| 作者: | 谭安鸣 | |
| 分册: | ||
| 出版信息: | 成都 四川科学技术出版社 1989 |
|
| 页数: | 80 | |
| 开本: | 19cm | |
| 丛书名: | ||
| 单 册: | ||
| 中图分类: | S966.3 | |
| 科图分类: | ||
| 主题词: | 水产养殖--技术 | |
| 电子资源: | ||
| ISBN: | 7-5364-1206-1 | |
| 000 | 00514nam0 2200181 450 | |
| 001 | 0741144344 | |
| 005 | 20070817112544.34 | |
| 010 | @a7-5364-1206-1@d¥1.00 | |
| 100 | @a20070817d km y0chiy0120 ea | |
| 101 | 0 | @achi |
| 200 | 1 | @a牛蛙养殖实用技术@Aniu wa yang zhi shi yong ji shu@f谭安鸣@Ftan an ming |
| 210 | @a成都@c四川科学技术出版社@d1989 | |
| 215 | @a80@d19cm | |
| 606 | 0 | @a水产养殖@x技术 |
| 690 | @aS966.3@v3 | |
| 701 | 0 | @a谭安鸣@Atan an ming |
| 801 | 0 | @aCN@bPFT@c20070817 |
| 905 | @a213230@dS966.3@en2@f1 | |
| 牛蛙养殖实用技术/谭安鸣.-成都:四川科学技术出版社,1989 |
| 80;19cm |
| ISBN 7-5364-1206-1:¥1.00 |
| ● |
| 相关链接 |
|
|
|
|
正题名:牛蛙养殖实用技术
索取号:S966.3/n2
 
预约/预借
| 序号 | 登录号 | 条形码 | 馆藏地/架位号 | 状态 | 备注 |
| 1 | 6601012 | 266010121 | 密集书库-生命科学系/ [索取号:S966.3/n2] | 在馆 |